France, Espagne ou les deux ? - Statistiques

Statistiques générales
  • Ce quiz a été pris 94 fois
  • Le résultat moyen est 10 sur 15
Statistiques - réponses
Question Réponse % Correct
On y retrouve les premières origines du flamenco. L'Espagne
95%
Le territoire du Pays basque s'y étend. Les deux
94%
Accueille le plus de touristes. La France
90%
Est traversée par le Tage. L'Espagne
90%
Possède une commune qui s'appelle "Valence". Les deux
87%
A fait partie de l'Empire romain. Les deux
85%
Des corridas y sont organisés sur son territoire. Les deux
82%
Comptabilise le plus de fuseaux horaires. La France
77%
Le Premier ministre y est le principal chef du gouvernement et ne partage pas le pouvoir exécutif avec le président. L'Espagne
73%
A des restaurants 3 étoiles inscrits au guide michelin. Les deux
54%
A des écuries (constructeurs automobiles) ayant gagné la formule 1. La France
53%
Administre l'île des Faisans. Les deux
39%
Est mentionnée dans les paroles de la chanson "Celui" de Colonel Reyel. L'Espagne
37%
A plus de 15 régions. L'Espagne
37%
Jorge Mario Bergoglio (pape François) s'y est rendu en tant que Pape de l'Église catholique. La France
18%
Aucun quiz correspondant
Distribution des résultats
% des personnes avec chaque résultat
Percentile par nombre de réponses
Votre historique - résultats
Vous n’avez pas pris ce quiz